|
|
|
|
| LEADER |
01014nam a2200229 a 4500 |
| 001 |
000620295 |
| 003 |
CZ BrMZK |
| 005 |
20020902085101.0 |
| 008 |
020902s1967 xr f cze d |
| 040 |
|
|
|a BOA001
|b cze
|c BOA002
|
| 100 |
1 |
|
|a Zelinka, František
|7 jx20050623034
|4 aut
|
| 245 |
1 |
0 |
|a Funkce :
|b přípravné a kontrolní úlohy k pokusnému textu.
|n Část 2. /
|c František Zelinka.
|
| 260 |
|
|
|a Praha :
|b Jednota československých matematiků a fyziků,
|c 1967
|
| 300 |
|
|
|a 22 s. +
|e Zelinka, František: Funkce. Část 1-2
|
| 490 |
1 |
|
|a Pokusné učební texty z matematiky ;
|v M 10/2-1
|
| 500 |
|
|
|a Rozmnoženo
|
| 710 |
2 |
|
|a Jednota československých matematiků a fyziků.
|b Kabinet pro modernizaci vyučování
|
| 830 |
|
0 |
|a Pokusné učební texty z matematiky
|
| 910 |
|
|
|a BOA001
|b PK-N-0010.973,2
|
| 964 |
|
|
|a Funkce matematické - učebnice pokusné - školy základní devítileté
|
| 990 |
|
|
|a BK
|
| 996 |
7 |
|
|b 3119933736
|c PK-N-0010.973,2
|l MZK
|r Sklad / do 1 hodiny
|n 0
|w 000620295
|u 000010
|a 1
|e BOA001
|j MZK50
|s A
|